Nazwisko w Polsce na "Z" - Statystyki

Ogólne statystyki
  • Ten quiz został rozwiązany 41 razy
  • Średni wynik to 2 z 6
Statystyki odpowiedzi
Odpowiedź % Poprawnych
Zieliński | Zielińska
67%
Zając
42%
Zalewski | Zalewska
33%
Zawadzki | Zawadzka
30%
Zajączkowski | Zajączkowska
15%
Zawada
9%
Nie znaleziono quizów pasujących do podanych kryteriów
Rozkład punktacji
Procent ludzi z każdym wynikiem
Percentyl według liczby udzielonych odpowiedzi
Twoja historia wyników
Nie rozwiązałeś tego quizu